Colours of New Zealand Money - Statistics

General Stats
  • This quiz has been taken 34 times
  • The average score is 4 of 5
Answer Stats
Hint Answer % Correct
$10 Blue
96%
$20 Green
96%
$50 Purple
85%
$100 Red
85%
$5 Orange
73%
No matching quizzes found
Score Distribution
Percent of People with Each Score
Percentile by Number Answered
Your Score History
You have not taken this quiz